Boyfriends - Harry Styles (All Lyrics) - Statistics

General Stats
  • This quiz has been taken 58 times
  • The average score is 106 of 127
Answer Stats
Lyrics % Correct
a
100%
don't
100%
know
100%
the
100%
you
100%
you,
100%
boyfriends
97%
for
97%
they
97%
granted
94%
just
94%
so
94%
take
94%
your
94%
you're
94%
easy
91%
it
91%
think
91%
are
88%
it's
88%
misunderstanding
88%
when
88%
why?
88%
at
85%
be
85%
fool
85%
fool,
85%
he
85%
to
85%
again
82%
and
82%
back
82%
go
82%
in
82%
they're
82%
where
82%
who
82%
him
79%
home
79%
how
79%
love
79%
never
79%
oh,
79%
pretending?
79%
tell
79%
alone
76%
ending
76%
get
76%
no
76%
wanna
76%
closer
70%
halfway
70%
now
70%
what
70%
daydream
67%
door
67%
knows
67%
open
67%
skin
67%
stay
67%
still
67%
under
67%
as
64%
calling
64%
drinking
64%
game's
64%
deep
61%
heading
61%
secretly
61%
starts
61%
with
61%
he's
58%
only
58%
thinking
58%
gets
55%
hard
55%
lay
52%
feel
48%
ooh
48%
weakened
33%
No matching quizzes found
Score Distribution
Percent of People with Each Score
Percentile by Number Answered
Your Score History
You have not taken this quiz